Concerts d'orgue al Palau Güell : programa : Dimarts 7 d'octubre de 2014 : 18 hores programa : Dimarts 7 d'octubre de 2014 : 18 hores
Descripción Física:
1 díptic ; il. col. ; 21 cm.
Materias:
Palau Güell (Barcelona) -- Activitats culturals
; Concerts (Execució musical) -- Programes
; Concerts (Orgue)
Idioma:
Catalán
MARC
| LEADER | 00000nam a22000007a 4500 | ||
|---|---|---|---|
| 001 | 27323 | ||
| 003 | Arxiu | ||
| 005 | 20260324181152.0 | ||
| 008 | 230130b spa||||| |||| 00| 0 cat d | ||
| 017 | |a B 21023-2014 | ||
| 040 | |a agdb |b cat | ||
| 110 | 2 | |9 17034 |a Palau Güell (Barcelona) | |
| 245 | |a Concerts d'orgue al Palau Güell : |b programa : Dimarts 7 d'octubre de 2014 : 18 hores | ||
| 260 | |a Barcelona : |b Palau Güell ; |b Diputació de Barcelona ; |c 2014 | ||
| 300 | |a 1 díptic ; |b il. col. ; |c 21 cm. | ||
| 610 | 2 | 0 | |a Palau Güell (Barcelona) |9 52964 |x Activitats culturals |
| 650 | 0 | |2 Arxiu |9 43539 |a Concerts (Execució musical) |x Programes | |
| 650 | 0 | |9 49548 |a Concerts (Orgue) | |
| 700 | |a Mas i Bonet, Josep Maria |9 49549 | ||
| 700 | 1 | |9 55410 |a Kando, Izumi |e organista | |
| 710 | 2 | |9 55411 |a Conservatori del Liceu | |
| 710 | 1 | |a Barcelona (Catalunya : Província). |b Diputació |9 52408 | |
| 942 | |2 udc |c ARXIU |n 1 | ||
| 952 | |0 0 |1 0 |2 udc |4 0 |6 FU7443 |7 1 |9 65154 |a Arxiu |b Arxiu |d 2023-01-30 |l 0 |o FU-74-43 |p 27323 |r 2023-01-30 00:00:00 |w 2023-01-30 |y ARXIU | ||
| 999 | |c 83032 |d 83032 | ||